| 000 | | | 05348cbm0a2200337#x 450 |
| 001 | | | e9bfb2a0-b7ad-4acc-8afa-dc57452a9989 |
| 005 | | | 20210603141333.0 |
| 100 | ## | $a | 20210402j19410509k###0rusy50 ca |
| 101 | 2# | $a | rus |
| | $c | eng |
| 102 | ## | $a | RU |
| 105 | ## | $a | y###z######## |
| 122 | 0# | $a | d19410509## |
| 200 | 1# | $a | Записка наркома госбезопасности СССР В. Н. Меркулова в ЦК ВКП(б), НКИД СССР и НКВД СССР с приложением текста телеграммы посла Великобритании в СССР С. Криппса в МИД Великобритании от 2 мая 1941 г. о новой пропагандистской линии Германии о невозможности войны с СССР до окончания кампании на Ближнем Востоке и в Египте |
| | $j | 9 мая 1941 г. |
| 251 | ## | $c | Документ |
| 300 | ## | $a | Копии |
| 300 | ## | $a | Текст телеграммы – перевод на русский язык, современный оригиналу |
| 461 | #0 | $1 | 2001 |
| | $a | Ф. 3-ос. |
| | $1 | 251 |
| | $c | Фонд |
| | $1 | 852 |
| | $j | 3-ос. |
| 462 | #0 | $1 | 2001 |
| | $a | Оп. 8 |
| | $1 | 251 |
| | $c | Опись |
| | $1 | 852 |
| | $j | 8 |
| 462 | #0 | $1 | 2001 |
| | $a | Д. 57 |
| | $v | Л. 1203-1205 |
| | $1 | 251 |
| | $c | Дело |
| | $1 | 852 |
| | $j | 57 |
| 605 | ## | $2 | prlib_sh |
| | $3 | LIBNET\UAF\0000088514 |
| | $a | Вторая мировая война в архивных документах (Комплекс оцифрованных архивных документов, кино- и фотоматериалов) |
| | $l | коллекция |
| 606 | 1# | $2 | nlr_sh |
| | $3 | RU\NLR\AUTH\66240701 |
| | $a | Вторая мировая война |
| | $z | 1939 - 1945 |
| | $x | Военные операции немецкие |
| | $y | Северная Африка |
| | $j | Документы и материалы |
| 606 | 1# | $2 | nlr_sh |
| | $3 | RU\NLR\AUTH\661442657 |
| | $a | Вторая мировая война |
| | $z | 1939 - 1945 |
| | $y | Ближний Восток |
| | $j | Документы и материалы |
| 606 | 1# | $2 | prlib_sh |
| | $3 | LIBNET\UAF\0000095581 |
| | $a | Стратегические планы |
| | $y | Германия |
| | $z | 1941 |
| | $j | Документы и материалы |
| 617 | ## | $a | Германия |
| | $f | 1941 |
| | $2 | prlib_sh |
| 686 | ## | $a | 63.3(4Гем)62-6ю11 |
| | $v | LBC/M |
| | $2 | rubbk |
| 801 | #0 | $a | RU |
| | $b | ПБ им. Б.Н. Ельцина |
| | $c | 20210402 |
| 801 | #1 | $a | RU |
| | $b | ПБ им. Б.Н. Ельцина |
| | $c | 20210402 |
| | $2 | rusmarc |
| 801 | #2 | $a | RU |
| | $b | ПБ им. Б.Н. Ельцина |
| | $c | 20210603 |
| | $2 | rusmarc |
| 850 | ## | $a | Центральный архив Федеральной службы безопасности России |
| 852 | ## | $a | ЦА ФСБ России |
| | $j | Л. 1203-1205 |
| 856 | 4# | $n | ПБ им. Б.Н. Ельцина |
| | $u | http://readingroom.main.prlib.ru/item.aspx?id_node=n161630670&mode=full |
| 035 | ## | $a | LIBNET\0001142303 |
| 937 | ## | $d | 161630670 |
| | $h | Федеральное архивное агентство |